| 000 | 00482cam a2200181ua 4500 | ||
|---|---|---|---|
| 020 |
_a0 442 30232 0 _c336.00 |
||
| 041 |
_aeng _h |
||
| 082 |
_a691 _bPAS/IN |
||
| 100 | _aPascoe, K.J . | ||
| 245 |
_aIntroduction to the properties of engineering materials / _cK.J.Pascoe. _hTextual Documents |
||
| 250 |
_a3 / _b. |
||
| 260 |
_a : _bEnglish Language Book Society , _c1978. |
||
| 300 | _a439 ; . | ||
| 365 | _a336.00 | ||
| 504 | _a | ||
| 942 | _cBK | ||
| 999 |
_c1824 _d1824 |
||